| 000 | 00505nam a2200145 a 4500 | ||
|---|---|---|---|
| 001 | 000044301 | ||
| 005 | 20201002045259.0 | ||
| 008 | 140613s1964 dr ac 000 0 spa d | ||
| 040 |
_aDO-SdBNP _bspa _cBNPHU |
||
| 100 | 1 |
_aCarrera, Gustavo Luis _99006 |
|
| 245 | 1 | 4 |
_aLos tambores de san juan / _cGustavo Luis Carrera; totografías Federico Vetencourt. |
| 260 |
_aSanto Domingo : _bUniversidad Central, _c1964. |
||
| 300 |
_avarias paginaciones : _bil. retrs. ; _c21 cm. |
||
| 700 | 1 | 2 |
_aVetencourt, Federico _972307 |
| 999 |
_c43790 _d43790 |
||